000 00710nam a2200205 a 4500
003 0
005 20250422111415.0
008 060724s19uu xx 00 eng d
050 _aPHS QK 641
_b.C37 2006
100 _aCapili, Alexandria Marie B.
245 _aPalynological study of Rheo spathacea using selected plant extracts /
_cAlexandria Marie B. Capili.
260 _aLas PiƱas City, Philippines :
_bSouthville International School and Colleges,
_c2006.
300 _a29 pages :
_billustrations ;
_c28 cm.
504 _aIncludes bibliographical references.
650 _aPalynology.
650 _aRhoeo spathacea.
650 _aPlant extracts.
650 _aBotany
_zPhilippines.
942 _2lcc
_cPASS
999 _c97579
_d97579